Statistics for Roman Empire names of modern day countries

Click here to take the quiz!

General Stats

  • This quiz has been taken 4,606 times
    (4,600 since last reset)
  • The average score is 14 of 17

Answer Stats

HintAnswer% Correct
BrittaniaBritain
99%
ItaliaItaly
97%
HispaniaSpain
96%
GalliaFrance
94%
FinniaFinland
92%
AegyptusEgypt
92%
NorvegiaNorway
91%
PoloniaPoland
89%
DaniaDenmark
85%
LusitaniaPortugal
77%
TripolitanaLibya
76%
HelvetiaSwitzerland
75%
DalmatiaMontenegro
69%
SueciaSweden
64%
HiberniaIreland
63%
PhoeniciaLebanon
52%
MelitaeMalta
49%

Score Distribution

Percentile by Number Answered

Percent of People with Each Score

Your Score History

You have not taken this quiz since the last reset